The Greatest Movie Directors of All Time - Statistics

General Stats
  • This quiz has been taken 144 times
  • The average score is 29 of 100
Answer Stats
Hint Answer % Correct
3. Steven Spielberg
93%
35. Quentin Tarantino
87%
1. Christopher Nolan
78%
2. Martin Scorsese
78%
7. Stanley Kubrick
77%
47. Francis Ford Coppola
74%
33. James Cameron
71%
6. Alfred Hitchcock
70%
13. George Lucas
59%
89. Paul Thomas Anderson
58%
76. Peter Jackson
58%
23. Ridley Scott
57%
25. David Fincher
56%
66. Clint Eastwood
52%
24. Tony Scott
52%
27. Guillermo del Toro
46%
14. John Ford
46%
54. Orson Welles
46%
16. Federico Fellini
45%
55. Woody Allen
45%
4. Billy Wilder
44%
10. Charlie Chaplin
44%
77. Robert Zemeckis
40%
84. Roman Polanski
40%
58. Ethan & Joel Coen
39%
79. Sergio Leone
38%
31. Brian de Palma
37%
5. David Lean
37%
39. Sidney Lummet
37%
34. Tim Burton
36%
62. Bong Joon Ho
35%
93. Chan-wook Park
34%
15. Francis Capra
34%
91. Denis Villeneuve
33%
48. Miloš Forman
31%
42. Robert Altman
30%
29. Andrej Tarkovsky
29%
21. François Truffaut
29%
41. Michael Curtiz
29%
49. Oliver Stone
29%
32. Darren Aronofsky
28%
97. Fritz Lang
28%
57. Wes Craven
28%
86. Michael Mann
27%
59. Sydney Pollack
27%
74. John Huston
26%
60. John Woo
26%
73. Luis Buñuel
26%
26. Pedro Almodóvar
26%
63. Kurosawa Akira
25%
17. Roberto Rossellini
25%
82. Elia Kazan
24%
50. Damien Chazelle
23%
95. Richard Linklater
23%
78. Frank Darabont
22%
98. F. W. Murnau
22%
56. Sam Raimi
22%
37. Peter Weir
21%
19. Michelangelo Antonioni
20%
85. Sam Mendes
20%
22. David Cronenberg
19%
8. D. W. Griffith
19%
61. Joseph L. Mankiewicz
19%
45. Mike Nichols
19%
75. Rob Reiner
19%
20. Vittorio de Sica
19%
53. George Cukor
18%
87. Edgar Wright
16%
72. Bob Fosse
15%
11. Fred Zinnemann
15%
52. Krzysztof Kieslowski
15%
28. Luchino Visconti
15%
12. George Stevens
14%
83. Guy Ritchie
14%
70. Carl Theodor Dreyer
13%
30. Wolfgang Petersen
13%
9. Georges Meliés
12%
96. Otto Preminger
12%
90. Paul Verhoeven
12%
71. Alan Parker
11%
38. Norman Jewison
11%
43. Stanley Kramer
11%
80. Terry Gilliam
10%
44. Blake Edwards
9%
81. James Wan
8%
94. Richard Donner
8%
88. Gore Verbinski
7%
46. John Schlesinger
7%
64. Martin McDonagh
7%
68. James Mangold
6%
65. Kobayashi Masaki
6%
36. Neil Jordan
6%
100. Franklin J. Schaffner
5%
99. Giuseppe Tornatore
5%
92. Lewis Milestone
5%
40. Costa-Gavras
4%
18. Carlos Saura
3%
51. S. Craig Zahler
3%
67. Thomas Vinteberg
3%
69. Anders Thomas Jensen
2%
No matching quizzes found
Score Distribution
Percent of People with Each Score
Percentile by Number Answered
Your Score History
You have not taken this quiz